Movies Quiz

Random Movies or Disney Quiz

Name the Disney Villains Quiz Stats

 Plays Quiz not verified by Sporcle

Score 0/8 Timer 01:00
0 Plays Today
% Correct
Jafar
96.9%
Evil Queen
93.8%
Maleficent
93.8%
Cruella de Vil
93.8%
Ursula
91.8%
Captain Hook
89.7%
Gaston
85.6%
Dr. Facilier
57.7%

You're not logged in!

Compare scores with friends on all Sporcle quizzes.
OR
Log In

Sporcle TV

Today on Sporcle TV


Watch our educational content, quiz creation guides, and fun videos on Sporcle TV.

Show Comments

Extras

Created Sep 13, 2017ReportNominate
Tags:Disney Quiz

Top Quizzes Today


Score Distribution

Your Account Isn't Verified!

In order to create a playlist on Sporcle, you need to verify the email address you used during registration. Go to your Sporcle Settings to finish the process.

Report this User

Report this user for behavior that violates our Community Guidelines.

Details: